LEADER 00857nam a2200205 i 4500 001 000000231026 003 CaOOAMICUS 005 20140704000000.0 008 140704s1892 it u000 u ita u 013 $a209929 040 $aSeMil$bita 100 1 $aOllivier, Marie-Joseph,$c.$0(OLS)http://semarc/name/36603 245 13$aLa passione :$bsaggio storico /$cdel R. P. M.-J. Ollivier. 260 $aRoma :$bTipografia editrice romana,$c1892. 300 $aXXVI, 499 p., [4] c. di tav. ;$c23 cm. 650 4$aGesł Cristo - Passione.$0(OLS)http://semarc/subject/2379 850 $aSeMil 852 $aSeMil$W1$xVenegono$y1$m2W IV 46 FA$j181372$B181372$CSeMilBibl$Z2$F192242 $8I 996 $6245$aLa passione :$bsaggio storico$9(OLS)http://semarc/title/329952 996 $6260$aRoma :$bTipografia editrice romana$9(OLS)http://semarc/publisher/30604 LEADER 01298nam a2200241 i 4500 001 000000030376 003 CaOOAMICUS 005 20251009125634.0 008 180830s18961901it a u000 u ita u 040 $aSeMil$bita 100 1 $aArduin, Alessio.$0(OLS)http://semarc/name/13963 245 13$aLa religione di fronte alla scienza :$blezioni sull'accordo fra i dati della rivoluzione biblica e le teorie scientifiche moderne /$cAlessio Arduin ; traduzione del prof. Emilio Silvestri. 260 $aSiena :$bBiblioteca del clero,$c1896-1901. 300 $a2 v. (in 3 tomi) ;$c25 cm. 650 4$aReligione e scienze.$0(OLS)http://semarc/subject/1385 700 1 $aSilvestri, Emilio.$0(OLS)http://semarc/name/13964 774 0 $tCosmogonia.$kBiblioteca del clero$g1$w()232219 774 0 $tGeologia e Geogenia. Parte 1.$kBiblioteca del clero$g2$w()232220 774 0 $tGeologia e Geogenia. Parte 2.$kBiblioteca del clero$g2$w()232221 830 0$aBiblioteca del clero.$0(OLS)http://semarc/title/19422 996 $6245$aLa religione di fronte alla scienza :$blezioni sull'accordo fra i dati della rivoluzione biblica e le teorie scientifiche moderne$9(OLS)http://semarc/title/41346 996 $6260$aSiena :$bBiblioteca del clero$9(OLS)http://semarc/publisher/38511